Antropología filosófica de Santo Tomás de Aquino /

Αποθηκεύτηκε σε:
Λεπτομέρειες βιβλιογραφικής εγγραφής
Κύριος συγγραφέας: Beuchot, Mauricio (autor)
Μορφή: Βιβλίο
Γλώσσα:Ισπανικά
Έκδοση: México : Centro de Estudios y Promoción Social, fecha no identificada
Ετικέτες: Προσθήκη ετικέτας
Δεν υπάρχουν, Καταχωρήστε ετικέτα πρώτοι!

MARC

LEADER 00000nam^a2200000^a^4500
001 000597179
005 20250521000000.0
009 20260310133121.143
037 |a Acervo Xavier Clavigero 
041 |a ESP 
091 |a FDU. 00978 
100 |a Beuchot, Mauricio  |e (autor) 
245 1 0 |a Antropología filosófica de Santo Tomás de Aquino / 
264 1 |a México :  |b Centro de Estudios y Promoción Social,  |c fecha no identificada 
300 |a 15 p. 
336 |a texto  |b txt  |2 rdacontenido 
337 |a sin mediación  |b n  |2 rdamedio 
338 |a volumen  |b nc  |2 rdasoporte 
649 |a XX 
910 |a Fondo Víctor Raúl Durana Valerio S.J. 
920 |a Impresos - Libros 
930 |a Fondos Especiales 
905 |a 116 
901 |a 597179-10  |b IT2  |c ESP  |i D3975  |u 20250521 
902 |a https://opac.biblio.iteso.mx/vufind/Record/000597179